Curso de direito processual civil: teoria geral do processo e processo de conhecimento

Salvato in:
Dettagli Bibliografici
Autore principale: Didier, Fredie (Autore)
Natura: Libro
Lingua:portoghese
Pubblicazione: Salvador de Bahía JusPODIVM 2008
Edizione:10a. ed
Soggetti:
Tags: Aggiungi Tag
Nessun Tag, puoi essere il primo ad aggiungerne!!

MARC

LEADER 00000nam a2200000 a 4500
001 UCG4136
003 CL-VaPUC
008 101007e20080000BL |||||||||||||||||por|d
020 |a 8577610756 
082 0 4 |a 347  |b DID  |2 21 
100 0 |a Didier, Fredie  |e author  |9 553445 
245 1 0 |a Curso de direito processual civil: teoria geral do processo e processo de conhecimento 
250 |a 10a. ed 
300 |a v 
942 |c BK 
945 |d 20101007 00:00:00  |a mfarfan 
260 |a Salvador de Bahía  |b JusPODIVM  |c 2008 
650 0 |a Derecho procesal civil  |9 258071 
650 7 |a PROCEDIMIENTO JUDICIAL  |2 CL-VaPUC  |9 553446 
650 0 |a Procedimiento civil  |9 254870 
650 0 |a Derecho civil  |9 255013 
583 |a last modification  |c 20101007 00:00:00  |k Rodrigo Vera 
999 |c 342987  |d 342985 
952 |0 0  |1 0  |4 0  |6 347_000000000000000_DID_2008  |7 0  |8 A  |9 439777  |a BIBDER  |b BIBDER  |d 2019-11-22  |h v.1  |i 4724976  |o 347 DID 2008  |p 4724976  |r 2023-01-25  |w 2019-11-22  |y BK  |k DER